A Textbook of thermal engineering / (Record no. 1287)

MARC details
000 -LEADER
Fixed length control field 00460nam a2200169 4500
003 - CONTROL NUMBER IDENTIFIER
Control field SEACOMEC
005 - DATE AND TIME OF LATEST TRANSACTION
Control field 20250531123158.0
008 - FIXED-LENGTH DATA ELEMENTS--GENERAL INFORMATION
Fixed length control field 240604b |||||||| |||| 00| 0 eng d
020 ## - INTERNATIONAL STANDARD BOOK NUMBER / ISBN
International Standard Book Number 81-219-2573-8
Price Rs.365.00
040 ## - CATALOGING SOURCE
Original cataloging agency SEACOMEC
082 ## - DEWEY DECIMAL CLASSIFICATION NUMBER
Classification number 621.402
Book Number K45
100 ## - MAIN ENTRY--PERSONAL NAME
Personal name Khurmi, R.S
245 1# - TITLE STATEMENT
Title A Textbook of thermal engineering /
Statement of responsibility R.S Khurmi and J.K. Gupta
260 ## - IMPRINT
Place of publication New Delhi
Name of publisher S.Chand
Date of publication 2007
650 ## - SUBJECT ADDED ENTRY--TOPICAL TERM
Topical term Thermal Engineering
942 ## - ADDED ENTRY ELEMENTS (KOHA)
Koha item type Books
Holdings
Withdrawn status Lost status Source of classification Damaged status Not for loan Home library Current library Date acquired Total Checkouts Call number Accession number Date last seen Price effective from Koha item type Copy number
    Dewey Decimal Classification     SEACOM ENGINEERING COLLEGE SEACOM ENGINEERING COLLEGE 05/02/2008   621.402 K45 9702 04/06/2024 04/06/2024 Reference Books  
    Dewey Decimal Classification     SEACOM ENGINEERING COLLEGE SEACOM ENGINEERING COLLEGE 05/02/2008   621.402 K45 9703 04/06/2024 04/06/2024 Books 1
    Dewey Decimal Classification     SEACOM ENGINEERING COLLEGE SEACOM ENGINEERING COLLEGE 05/02/2008   621.402 K45 9704 04/06/2024 04/06/2024 Books 2
    Dewey Decimal Classification     SEACOM ENGINEERING COLLEGE SEACOM ENGINEERING COLLEGE 05/02/2008   621.402 K45 9705 04/06/2024 04/06/2024 Books 3
    Dewey Decimal Classification     SEACOM ENGINEERING COLLEGE SEACOM ENGINEERING COLLEGE 07/02/2011   621.402 K45 17798 31/05/2025 31/05/2025 Books 1
    Dewey Decimal Classification     SEACOM ENGINEERING COLLEGE SEACOM ENGINEERING COLLEGE 07/02/2011   621.402 K45 17799 31/05/2025 31/05/2025 Books 2
    Dewey Decimal Classification     SEACOM ENGINEERING COLLEGE SEACOM ENGINEERING COLLEGE 07/02/2011   621.402 K45 17800 31/05/2025 31/05/2025 Books 3
    Dewey Decimal Classification     SEACOM ENGINEERING COLLEGE SEACOM ENGINEERING COLLEGE 07/02/2011   621.402 K45 17801 31/05/2025 31/05/2025 Books 4
    Dewey Decimal Classification     SEACOM ENGINEERING COLLEGE SEACOM ENGINEERING COLLEGE 07/02/2011   621.402 K45 17802 31/05/2025 31/05/2025 Books 5
    Dewey Decimal Classification     SEACOM ENGINEERING COLLEGE SEACOM ENGINEERING COLLEGE 07/02/2011   621.402 K45 17803 31/05/2025 31/05/2025 Books 6
    Dewey Decimal Classification     SEACOM ENGINEERING COLLEGE SEACOM ENGINEERING COLLEGE 07/02/2011   621.402 K45 17804 31/05/2025 31/05/2025 Books 7
    Dewey Decimal Classification     SEACOM ENGINEERING COLLEGE SEACOM ENGINEERING COLLEGE 07/02/2011   621.402 K45 17805 31/05/2025 31/05/2025 Books 8
    Dewey Decimal Classification     SEACOM ENGINEERING COLLEGE SEACOM ENGINEERING COLLEGE 07/02/2011   621.402 K45 17806 31/05/2025 31/05/2025 Books 9
    Dewey Decimal Classification     SEACOM ENGINEERING COLLEGE SEACOM ENGINEERING COLLEGE 07/02/2011   621.402 K45 17807 31/05/2025 31/05/2025 Books 10
© Seacom Engineering College, All rights reserved.      Powered by Koha